000 00688nam a2200241Ia 4500
003 OSt
005 20220923225312.0
006 a|||||r|||| 00| 0
007 ta
008 220922b |||||||| |||| 00| 0 hin d
024 _a262,303
037 _cTextual
040 _aARTS
_cARTS
_bhin
041 _2hin
_ahin
082 _aO152,1M5:g, K4
100 _aशेट्टी
245 0 _aरीतिकाल
_b एक सर्वेक्षण
246 _aRītikāla: ek sarvekṣhaṇa
260 _c1964
650 _aहिन्दी साहित्य
_9156264
942 _hO152,1M5:g, K4
_cTEXL
_2CC
999 _c377376
_d377376